000 00569nam a2200205Ia 4500
005 20260429112256.0
008 260429s9999||||xx |||||||||||||| ||und||
020 _a9781032701509
041 _aEnglish
082 _a808.8393
_bGIL
100 _aGillard, Bill
245 0 _aRoutledge anthology of climate fiction, Vol. 1 /
_cBill Gillard
250 _a1st ed.
260 _aNew York :
_bRoutledge,
_c2025.
300 _aix, 388 p.; pbk
440 _aRoutledge literature anthologies
_vVol. 1
650 _a Anthology
650 _aClimate fiction
942 _cTB
999 _c53263
_d53263